Football quiz n°16 - Statistiques

Statistiques générales
  • Ce quiz a été pris 462 fois
  • Le résultat moyen est 5 sur 15
Statistiques - réponses
Questions Réponses % Correct
Meilleur buteur de l'histoire de Leicester Vardy
96%
Meilleur buteur de l'histoire de Arsenal Thierry Henry
79%
Club ou Pjanic, Mané, Sarr Koulibaly ont tous déjà jouer FC Metz
75%
Ou a débuter Zidane dans le football professionnel AS Cannes
66%
Attaquant Argentin passé de 2009 a 2013 a L'OL Lisandro Lopez
48%
Attaquant Congolais passé par Villaréal Bakambu
42%
Quel club (hors Real Madrid et Barcelone) n'a jamais été relégué en D2 espagnol Athletico Bilbao
34%
Dit comme le meilleur arbitre de tout les temps Pierluigi Collina
32%
Brésilien dans le TOP 4 des meilleurs buteurs ALL TIME (hors pelé) Romario
30%
Il a qualifié l'AC Milan en 8eme de final de LDC en marquant une retourné acrobatique en 2012 Mexes
27%
Dans quel club évolue Aaron Ramsey cette saison Cardiff City
8%
Quel équipe a le record de moins de point en une saison en Ligue 1 RC Lens
7%
Plus jeune buteur de la Ligue 1 All time Corentin Jean
1%
Meilleur buteur de l'histoire de l'AC Milan Silvio Piola
1%
contre qui l'Espagne a enregistré sa plus grosse victoire (13-0) Bulgarie
0%
Aucun quiz correspondant
Distribution des résultats
% des personnes avec chaque résultat
Percentile par nombre de réponses
Votre historique - résultats
Vous n’avez pas pris ce quiz